[Event "AUS Ch"]
[Site "?"]
[Date "2003.01.19"]
[Round "7.23"]
[White "Pearson Alexandra"]
[Black "Lauder Natasha"]
[Result "1-0"]
[WhiteElo "415"]
[BlackElo "878"]
[PlyCount "151"]
[EventDate "2003.??.??"]
[Source "www.chesslib.no"]
[SourceDate "2004.05.04"]

1. d4 d5 2. c4 e6 3. Nc3 Nf6 4. Bf4 Nbd7 5. Nf3 Bb4 6. e3 Ne4 7. Qc2 c6 8. a3 Qa5 9. Nd2 Nxc3 10. Nb3 Ne4+ 11. Ke2 Qa6 12. axb4 Qxc4+ 13. Qxc4 dxc4 14. Nd2 Nxd2 15. Kxd2 b5 16. Be2 h6 17. Bf3 Bb7 18. Ke2 g5 19. Be5 f6 20. Bd6 e5 21. Rhd1 Rd8 22. Rxa7 Bc8 23. dxe5 Nxe5 24. Re7+ Kf8 25. Rd7+ Ke8 26. Rxd8+ Kxd8 27. Bxe5+ Ke7 28. Bd6+ Kd7 29. Bf8+ Kc7 30. Bg7 Rg8 31. Bxf6 Re8 32. Bh5 Re4 33. f3 Rh4 34. Be5+ Kb7 35. Bg6 g4 36. f4 Rxh2 37. Be4 g3 38. f5 Rh4 39. Bc2 Rh2 40. Bxg3 Rxg2+ 41. Bf2 Kc7 42. f6 Bg4+ 43. Kf1 Bh3 44. Ke1 Be6 45. e4 h5 46. Ke2 Rh2 47. Kf3 Rh3+ 48. Kf4 h4 49. Ke5 Bd7 50. f7 Rf3 51. Bxh4 Rxf7 52. b3 cxb3 53. Bxb3 Rh7 54. Bf6 Rh5+ 55. Kf4 Rh6 56. e5 Rg6 57. Bg5 Kb6 58. Rxd7 c5 59. bxc5+ Kxc5 60. Rd5+ Kb4 61. Bc2 Rc6 62. Be7+ Kc4 63. Ke4 Re6 64. Rd4+ Kc3 65. Rd6 Rxe7 66. Rc6+ Kb4 67. e6 Ka3 68. Ra6+ Kb4 69. Kd5 Re8 70. Ra7 Rd8+ 71. Rd7 Re8 72. e7 Ka3 73. Bg6 Rg8 74. Rd8 b4 75. Rxg8 Ka2 76. e8=Q 1-0